Văn hoá dân gian Tày, Nùng ở Việt Nam
Giới thiệu khái quát về người Tày, Nùng ở Việt Nam. Trình bày nội dung văn học dân gian, nghệ thuật tạo hình và biểu diễn dân gian, tri thức dân gian, tín ngưỡng tôn giáo và lễ hội dân gian của dân tộc Tày, Nùng
Uloženo v:
| Hlavní autor: | |
|---|---|
| Médium: | Kniha |
| Jazyk: | Vietnamese |
| Vydáno: |
H.
Đại học Quốc gia Hà Nội
2010
|
| Témata: | |
| Tagy: |
Přidat tag
Žádné tagy, Buďte první, kdo otaguje tento záznam!
|
| Thư viện lưu trữ: | Mạng thư viện Đại học Đà Nẵng |
|---|
| LEADER | 01511aam a22003618a 4500 | ||
|---|---|---|---|
| 001 | 000007010 | ||
| 003 | 3171 | ||
| 005 | 20120515100545.0 | ||
| 008 | 110926s2010 viesd | ||
| 020 | |d 2000b | ||
| 041 | 0 | |a vie | |
| 082 | 1 | 4 | |2 14 |a 398.209597 |b HA-T |
| 100 | 1 | |a Hà Đình Thành | |
| 245 | 1 | 0 | |a Văn hoá dân gian Tày, Nùng ở Việt Nam |c Hà Đình Thành ch.b. |
| 260 | |a H. |b Đại học Quốc gia Hà Nội |c 2010 | ||
| 300 | |a 515tr. |b bảng |c 21cm | ||
| 500 | |a ĐTTS ghi: Hội Văn nghệ Dân gian Việt Nam | ||
| 504 | |a Thư mục: tr. 489-512 | ||
| 520 | |a Giới thiệu khái quát về người Tày, Nùng ở Việt Nam. Trình bày nội dung văn học dân gian, nghệ thuật tạo hình và biểu diễn dân gian, tri thức dân gian, tín ngưỡng tôn giáo và lễ hội dân gian của dân tộc Tày, Nùng | ||
| 650 | 7 | |2 Bộ TK TVQG |a Văn hoá dân gian | |
| 650 | 7 | |2 Bộ TK TVQG |a Dân tộc Nùng | |
| 650 | 7 | |2 Bộ TK TVQG |a Dân tộc Tày | |
| 651 | 7 | |2 Bộ TK TVQG |a Việt Nam | |
| OWN | |a LSP | ||
| AVA | |a UDN50 |b LSP |d 398.209597 HA-T |e available |t Error 5001 Not defined in file expand_doc_bib_avail. |f 2 |g 0 |h N |i 0 |k 1 | ||
| 999 | |a From the UDN01 | ||
| AVA | |a UDN50 |b LSP |d 398.209597 HA-T |e available |t Error 5001 Not defined in file expand_doc_bib_avail. |f 2 |g 0 |h N |i 0 |k 1 | ||
| TYP | |a Monograph | ||
| TYP | |a Printed language | ||
| 980 | |a Mạng thư viện Đại học Đà Nẵng | ||